00405 2200145 4500001002100000008004100021035002000062245005200082100001900134260002800153300002000181082001600201650002900217990001300246INLIS000000000000673 ind  a0010-0322000673 aMALIN KUNDANG (CERITA DARI SUMATRA BARAT)cIKHA aGIBRAN MAULANA aSURABAYAbCAHAYA AGENCY a24 hlm.c19 cm. a398.395 981 aCERITA RAKYAT - SUMATERA a102843-1